|
|
|
|
| LEADER |
00743cam a2200253 7i4500 |
| 001 |
0000061198 |
| 005 |
20151104090000.0 |
| 005 |
##20151104183100.0 |
| 003 |
##MY-KlINT |
| 020 |
# |
# |
|a 0761921966
|
| 039 |
# |
9 |
|y 201511041831
|z VLOAD
|
| 090 |
0 |
0 |
|a 658.4095 POW
|
| 100 |
1 |
# |
|a Powell, Gary N.
|
| 245 |
1 |
0 |
|a Women and men in management /
|c by Gary N. Powell and Laura M.Graves.
|
| 250 |
# |
# |
|a 3rd ed..
|
| 260 |
# |
# |
|a California:
|b Sage Publications,
|c 2003.
|
| 300 |
# |
# |
|a 262 p..
|
| 650 |
# |
0 |
|a Sex role in the work environment
|
| 650 |
# |
0 |
|a Executives
|
| 650 |
# |
0 |
|a Women executives
|
| 996 |
|
|
|a ikwas2005.out
|
| 997 |
|
|
|a 3000111173
|b IKWS
|c MNF
|d BOK
|
| 998 |
|
|
|a 0000008147
|
| 999 |
|
|
|a 3000111173
|b BOOK
|c Main Non-Fiction
|e INTAN Kampus Wilayah Selatan
|